Timeless Thoughts for Today/ (Record no. 186466)

MARC details
000 -LEADER
fixed length control field 00599nam a22001817a 4500
005 - DATE AND TIME OF LATEST TRANSACTION
control field 20220307104739.0
010 ## - LCCN (DPL NO)
LC control number ENG-131848
020 ## - INTERNATIONAL STANDARD BOOK NUMBER
International Standard Book Number 9789389253061
Terms of availability 299.00
035 ## - SYSTEM CONTROL NUMBER
System control number EN-115380
037 ## - SOURCE OF ACQUISITION
Source of stock number/acquisition DBAD/PUB
082 ## - DEWEY DECIMAL CLASSIFICATION NUMBER
Classification number 158.1
100 ## - MAIN ENTRY--PERSONAL NAME
Personal name Hill, Napoleon
245 ## - TITLE STATEMENT
Title Timeless Thoughts for Today/
Statement of responsibility, etc Napoleon Hill & Judith Williamson
260 ## - PUBLICATION, DISTRIBUTION, ETC. (IMPRINT)
Place of publication, distribution, etc Gurugram
Name of publisher, distributor, etc Hachette Book Publishing India Pvt. Ltd.
Date of publication, distribution, etc 2008
270 ## - ADDRESS
Address 4th & 5th floors, Corporate Centre, Plot No.- 94, Sector 44
City Gurugram
Postal code 122003
300 ## - PHYSICAL DESCRIPTION
Extent viii, 180p.
Dimensions 19 cm(pbk)
942 ## - ADDED ENTRY ELEMENTS (KOHA)
Source of classification or shelving scheme Dewey Decimal Classification
Item type English Books
Classification part 158.1
Call number suffix HIL
Holdings
Withdrawn status Lost status Not for loan Collection code Home library Current library Date acquired Source of acquisition Cost, normal purchase price Full call number Barcode Copy number Cost, replacement price Koha item type
      Non-fiction Central Library Central Library 07/03/2022 DBAD/PUB 299.00 158.1 HIL EN-115380 1 299.00 English Books

© Delhi Public Library
Hit Counter
free hit counter